000 00852nam a2200265Ia 4500
005 20240530110936.0
008 140319s2007 xx 000 0 ara d
040 _aGCL /
_cGCL
082 0 4 _a509 /
_bخ د
100 1 _aخير شواهين
245 1 0 _aدور العلماء العرب فى نهضة الحضارة الغربية /
_cتاليف خير شواهين
260 _aعمان :
_bدار المسيرة للنشر والتوزيع،
_c2007
300 _a184 ص ؛
_b24 سم
650 0 4 _aالعلماء العرب
650 0 4 _aالفيزياء
650 0 4 _aالرياضيات
650 0 4 _aالاحياء
650 0 4 _aعلم الارض
650 0 4 _aالفلك
650 0 4 _aالفنون
650 0 4 _aالطب
650 0 4 _aالكيمياء
942 _2ddc
_cBK
999 _c66739
_d66739